| 000 | 00593nam a22002177a 4500 | ||
|---|---|---|---|
| 005 | 20170124110115.0 | ||
| 010 | _aA-751476 | ||
| 020 | _c00.00 | ||
| 035 | _aA-751476 | ||
| 037 | _bCen Lib/Ret | ||
| 040 |
_aDPL _bEN |
||
| 082 |
_aN _bGOO |
||
| 100 |
_aGoonewardene, James _929887 |
||
| 245 |
_aThe tribal hangover / _cby James Goonewardene |
||
| 260 |
_aNew Delhi _bPenguin Books _c1995 |
||
| 270 |
_bNew Delhi _a210 chiranjivi tower, 43, nehru place _e110019 |
||
| 300 |
_a241p. _c17cm(Hb) |
||
| 650 |
_aLiterature _96262 |
||
| 650 |
_aNovel _922513 |
||
| 942 |
_2ddc _cEN _hN _mGOO |
||
| 999 |
_c130703 _d130703 |
||